[Event "4NCL Division 4 South"]
[Site "Reading, ENG"]
[Date "2018.05.07"]
[Round "11.99"]
[White "Kesterson, Kennan"]
[Black "Thatte, Nishchal"]
[Result "0-1"]
[WhiteElo "1750"]
[BlackElo "1723"]
[PlyCount "48"]
[EventDate "2018.05.07"]

1. e4 e6 2. d4 d5 3. Nd2 c5 4. exd5 Qxd5 5. Ngf3 cxd4 6. Bc4 Qd6 7. Nb3 Qb4+ 8.
Nfd2 Nc6 9. a3 Qb6 10. Nf3 Nf6 11. O-O Be7 12. Nbxd4 Nxd4 13. Nxd4 a6 14. Be3
Qc7 15. Bb3 O-O 16. Qf3 Kh8 17. Rad1 Bd6 18. g3 e5 19. Bg5 Bg4 20. Qe3 exd4 21.
Rxd4 Rae8 22. Qd3 Be2 23. Qf5 Qc5 24. Qxf6 gxf6 0-1

[Event "4NCL Division 4 South"]
[Site "Reading, ENG"]
[Date "2018.05.07"]
[Round "11.99"]
[White "Pack, James"]
[Black "Karia, Devin"]
[Result "1-0"]
[WhiteElo "1690"]
[BlackElo "1750"]
[PlyCount "133"]
[EventDate "2018.05.07"]

1. Nf3 Nf6 2. c4 d5 3. d4 Bf5 4. cxd5 Nxd5 5. Qb3 Nb6 6. Nc3 N8d7 7. h3 e6 8.
e4 Bg6 9. a4 a5 10. Be3 Bb4 11. Bd3 O-O 12. O-O h6 13. Ne2 Rc8 14. Nf4 Bh7 15.
Rfd1 Qe7 16. Bd2 Nf6 17. Bxb4 Qxb4 18. Qxb4 axb4 19. a5 Nbd7 20. e5 Ne4 21. Re1
g5 22. Bxe4 Bxe4 23. Rxe4 gxf4 24. Rxf4 c5 25. dxc5 Rxc5 26. Rxb4 Rb8 27. Rg4+
Kh7 28. b4 Rb5 29. Re1 Ra8 30. Rd4 Rd8 31. Nd2 Rd5 32. Rxd5 exd5 33. e6 Nf6 34.
exf7 Kg7 35. Re7 Rd7 36. Rxd7 Nxd7 37. Nf3 Kxf7 38. Nd4 Kf6 39. f4 Nb8 40. Kf2
Na6 41. b5 Nb4 42. Ke3 Kg6 43. Kd2 Kf6 44. Kc3 Na2+ 45. Kb2 Nb4 46. Kc3 Na2+
47. Kb3 Nc1+ 48. Ka4 Nd3 49. g3 h5 50. a6 Nc5+ 51. Ka5 bxa6 52. bxa6 Nxa6 53.
Kxa6 Ke7 54. g4 hxg4 55. hxg4 Kf6 56. Kb6 Kg6 57. Kc6 Kf6 58. Kxd5 Kf7 59. Ke5
Ke7 60. f5 Kf7 61. f6 Kf8 62. Nf5 Kg8 63. g5 Kf8 64. g6 Kg8 65. Ne7+ Kf8 66.
g7+ Kf7 67. g8=Q# 1-0

[Event "4NCL Division 4 South"]
[Site "Reading, ENG"]
[Date "2018.05.07"]
[Round "11.99"]
[White "Karia, Kamlesh"]
[Black "Norman, Dinah M"]
[Result "0-1"]
[WhiteElo "1607"]
[BlackElo "1697"]
[PlyCount "84"]
[EventDate "2018.05.07"]

1. e4 d5 2. exd5 Qxd5 3. Nc3 Qa5 4. d4 Nf6 5. Bd2 c6 6. Nf3 Qd8 7. Be2 Bg4 8.
h3 Bxf3 9. Bxf3 Qxd4 10. O-O e6 11. Qe2 Be7 12. Rad1 Qb6 13. b3 Nbd7 14. Bf4
O-O 15. g4 Rfe8 16. Ne4 Nd5 17. Bd2 Nf8 18. c4 Nf6 19. Ng3 Qc7 20. g5 N6d7 21.
h4 Rad8 22. Bc3 Ng6 23. Qb2 Nxh4 24. Be4 Bxg5 25. Bxg7 Ng6 26. Bxg6 fxg6 27.
Ne4 Qf4 28. Nxg5 Qxg5+ 29. Kh2 Qf4+ 30. Kg2 e5 31. Rd6 Kxg7 32. Rfd1 Qg4+ 33.
Kf1 Kg8 34. R1d3 Qh4 35. Rg3 Nf6 36. Rxd8 Rxd8 37. Qxe5 Nh5 38. Qe6+ Kh8 39.
Qe5+ Qf6 40. Qxf6+ Nxf6 41. Rf3 Kg7 42. Re3 Kf7 0-1

[Event "4NCL Division 4 South"]
[Site "Reading, ENG"]
[Date "2018.05.07"]
[Round "11.99"]
[White "Rowles, Sarah"]
[Black "Vaidya, Raghav"]
[Result "1/2-1/2"]
[WhiteElo "1506"]
[BlackElo "1570"]
[PlyCount "85"]
[EventDate "2018.05.07"]

1. d4 Nf6 2. Nd2 d6 3. e4 e5 4. c3 Nbd7 5. Ngf3 c6 6. dxe5 Nxe5 7. Nxe5 dxe5 8.
Bc4 Bc5 9. O-O O-O 10. Qe2 Qe7 11. b4 Bg4 12. Nf3 Bd6 13. a4 a6 14. h3 Be6 15.
Bxe6 Qxe6 16. Nd2 c5 17. b5 axb5 18. Qxb5 Qd7 19. Qxd7 Nxd7 20. Nc4 Bc7 21. Be3
Rfd8 22. Rfd1 b6 23. Rdb1 Rab8 24. Na3 Nf6 25. f3 h6 26. Nb5 Rd7 27. c4 Kh8 28.
a5 bxa5 29. Bxc5 Kh7 30. Nc3 Rdd8 31. Rxb8 Rxb8 32. Nb5 Bd8 33. Rd1 Bb6 34.
Bxb6 Rxb6 35. Ra1 Rc6 36. Ra4 Nd7 37. Rxa5 Rxc4 38. Nd6 Rc1+ 39. Kh2 f6 40. Ra7
Nf8 41. Nf5 Ne6 42. Re7 Rc6 43. Ra7 1/2-1/2

[Event "4NCL Division 4 South"]
[Site "Reading, ENG"]
[Date "2018.05.07"]
[Round "11.99"]
[White "Sanfey, Gregor"]
[Black "Ryan, John"]
[Result "1/2-1/2"]
[WhiteElo "1562"]
[BlackElo "1464"]
[PlyCount "80"]
[EventDate "2018.05.07"]

1. e4 e5 2. Nf3 Nc6 3. Bb5 a6 4. Ba4 Nf6 5. O-O Be7 6. Re1 O-O 7. c3 b5 8. Bc2
d6 9. h3 Bb7 10. d4 exd4 11. cxd4 Nb4 12. Nbd2 Nxc2 13. Qxc2 c5 14. d5 Nd7 15.
g4 g6 16. Kh1 Bc8 17. Rg1 Ne5 18. Nxe5 dxe5 19. Nf3 f6 20. Be3 c4 21. a4 Bd7
22. a5 Kf7 23. Bb6 Qc8 24. g5 Ke8 25. h4 Bg4 26. Nh2 Bh5 27. Rac1 fxg5 28. hxg5
Bf3+ 29. Nxf3 Rxf3 30. Rg2 Rh3+ 31. Kg1 Rh5 32. Qc3 Bd6 33. b3 Rh3 34. Rg3
Rxg3+ 35. Qxg3 Qd7 36. bxc4 bxc4 37. Rxc4 Rc8 38. Qc3 Qg4+ 39. Kf1 Qd1+ 40. Kg2
Qg4+ 1/2-1/2

[Event "4NCL Division 4 South"]
[Site "Reading, ENG"]
[Date "2018.05.07"]
[Round "11.99"]
[White "Mellor, Jessica"]
[Black "Angelopoulos, Andreas"]
[Result "1/2-1/2"]
[WhiteElo "1457"]
[BlackElo "1532"]
[PlyCount "66"]
[EventDate "2018.05.07"]

1. e4 c6 2. d4 d5 3. Nc3 dxe4 4. Nxe4 Bf5 5. Ng3 Bg6 6. Nf3 Nf6 7. Bf4 h6 8.
Bd3 Bxd3 9. Qxd3 e6 10. c3 Be7 11. O-O O-O 12. Rad1 Nbd7 13. Rfe1 c5 14. dxc5
Nxc5 15. Qc2 Qb6 16. Be3 Qc6 17. Ne5 Qc8 18. Rd2 b6 19. Red1 Qb7 20. Bxc5 Bxc5
21. Nd7 Nxd7 22. Rxd7 Qc6 23. Qd2 b5 24. Qf4 Bb6 25. Qe5 Qc5 26. Qxc5 Bxc5 27.
Ne4 Bb6 28. Kf1 Rfd8 29. Rxd8+ Rxd8 30. Rxd8+ Bxd8 31. Ke2 Kf8 32. Kd3 Bb6 33.
f3 Ke7 1/2-1/2

[Event "4NCL Division 4 South"]
[Site "Reading, ENG"]
[Date "2018.05.07"]
[Round "11.99"]
[White "Lancaster, Roger"]
[Black "Heard, Andrew H"]
[Result "1/2-1/2"]
[WhiteElo "1997"]
[BlackElo "1880"]
[PlyCount "69"]
[EventDate "2018.05.07"]

1. e4 Nf6 2. e5 Nd5 3. c4 Nb6 4. d4 d6 5. f4 Bf5 6. Nc3 Na6 7. Be3 e6 8. Nf3
Be7 9. Be2 c5 10. O-O O-O 11. dxc5 dxc5 12. a3 Qxd1 13. Raxd1 Bc2 14. Rc1 Bg6
15. Rfd1 Rfd8 16. Kf2 f6 17. Rxd8+ Rxd8 18. b3 Nc7 19. Ke1 Kf8 20. Rd1 Rxd1+
21. Kxd1 Nd7 22. Kd2 Ke8 23. Bd3 Bxd3 24. Kxd3 f5 25. h4 g6 26. g3 Nf8 27. Ne1
Kd7 28. Nc2 a5 29. Na2 Na6 30. Kc3 Kc7 31. Kd3 Nd7 32. Bd2 b6 33. Nc3 Kc6 34.
Nb5 Nc7 35. Nxc7 1/2-1/2

[Event "4NCL Division 4 South"]
[Site "Reading, ENG"]
[Date "2018.05.07"]
[Round "11.99"]
[White "Gazes, Matthew"]
[Black "Nelson, Omowale"]
[Result "0-1"]
[WhiteElo "1782"]
[BlackElo "1976"]
[PlyCount "94"]
[EventDate "2018.05.07"]

1. c4 e5 2. Nc3 Nc6 3. Nf3 d6 4. e3 g6 5. d4 Bg7 6. Be2 exd4 7. exd4 Nf6 8. O-O
O-O 9. h3 h6 10. d5 Ne7 11. Bf4 g5 12. Bh2 Bf5 13. Nd4 Bg6 14. Qd2 Qd7 15. Bf3
Rae8 16. Rae1 a6 17. b3 Nf5 18. Nxf5 Bxf5 19. g4 Bg6 20. Bg2 h5 21. f3 b6 22.
Rxe8 Rxe8 23. Re1 $11 23... Rxe1+ 24. Qxe1 Nh7 25. Ne4 f5 26. gxh5 Bxh5 27. Nf2
Kf7 28. f4 g4 29. hxg4 fxg4 30. Ne4 Bg6 31. Bg3 Qf5 32. Kf2 Bd4+ 33. Kf1 Kf8
34. Qd1 Be5 35. Qd2 Nf6 36. Nxf6 Qxf6 37. Ke2 Bc3 38. Qe3 Bd4 39. Qd2 Qe7+ 40.
Kd1 Qf6 41. Qe2 Qf5 42. Qd2 Qb1+ 43. Ke2 Qg1 44. Bf1 Be4 45. Qe1 Bf3+ 46. Kd3
Bc5 47. b4 Bxb4 0-1

[Event "4NCL Division 4 South"]
[Site "Reading, ENG"]
[Date "2018.05.07"]
[Round "11.99"]
[White "Dunlop, Neil J"]
[Black "McKenna, John R"]
[Result "1-0"]
[WhiteElo "1811"]
[BlackElo "1645"]
[PlyCount "57"]
[EventDate "2018.05.07"]

1. d4 d5 2. c4 c6 3. Nf3 Nf6 4. Qc2 g6 5. g3 Bf5 6. Qb3 Qc8 7. Bg2 dxc4 8. Qxc4
Bg7 9. O-O O-O 10. Nc3 Nbd7 11. Re1 Nb6 12. Qb3 Bh3 13. Bd2 Bxg2 14. Kxg2 Nbd5
15. Nxd5 Nxd5 16. e4 Nc7 17. Rac1 e6 18. Red1 Nb5 19. d5 exd5 20. exd5 Nd4 21.
Nxd4 Bxd4 22. Bb4 Bb6 23. Bxf8 Qxf8 24. dxc6 bxc6 25. Rxc6 Qe8 26. Qc2 Qe5 27.
Rc8+ Rxc8 28. Qxc8+ Kg7 29. Qc3 1-0

[Event "4NCL Division 4 South"]
[Site "Reading, ENG"]
[Date "2018.05.07"]
[Round "11.99"]
[White "Lettington, David"]
[Black "Charles, Simon"]
[Result "0-1"]
[WhiteElo "1643"]
[BlackElo "1735"]
[PlyCount "146"]
[EventDate "2018.05.07"]

1. Nf3 f5 2. g3 Nf6 3. Bg2 g6 4. O-O Bg7 5. d3 d6 6. c3 c6 7. Bg5 Nbd7 8. Nbd2
O-O 9. Nd4 Ne5 10. N2f3 Nxf3+ 11. Nxf3 e5 12. Nd2 h6 13. Qb3+ Kh7 14. Bxf6 Bxf6
15. e3 Qe7 16. f4 exf4 17. exf4 Qe3+ 18. Rf2 Qe6 19. Kf1 Qxb3 20. Nxb3 a5 21.
Nd2 Be6 22. a3 a4 23. Re1 Bd7 24. Nc4 d5 25. Nb6 Rad8 26. Nxa4 Kg7 27. Nc5 Bc8
28. Ne6+ Bxe6 29. Rxe6 Rd7 30. Rfe2 Kf7 31. Bf3 h5 32. h3 Ra8 33. Re1 Ra4 34.
Re8 h4 35. Bd1 Ra6 36. g4 fxg4 37. Bxg4 Re7 38. R8xe7+ Bxe7 39. Bc8 Rb6 40. Re2
c5 41. a4 d4 42. c4 Rb3 43. Rd2 $11 43... Bd6 44. f5 g5 45. Kg2 Bf4 46. Re2 Be3
47. Kf3 b6 48. Ke4 Kf6 49. Bd7 Bc1 50. Rf2 Bxb2 51. Rf3 Bc1 52. Rf2 Bf4 53. Re2
Bc7 54. Rf2 Rb1 55. Kf3 Rg1 56. Re2 Rg3+ 57. Kf2 Rxd3 58. Re6+ Kf7 59. Rg6 Rg3
60. Rc6 Bd8 61. Rh6 Rxh3 62. Be6+ Ke7 63. Rh7+ Kf6 64. Rh6+ Ke5 65. Bd7 Bf6 66.
Rg6 Rh2+ 67. Kg1 d3 68. a5 Ra2 69. axb6 d2 70. Ba4 Rxa4 71. b7 d1=Q+ 72. Kf2
Ra2+ 73. Ke3 Qe2# 0-1

[Event "4NCL Division 4 South"]
[Site "Reading, ENG"]
[Date "2018.05.07"]
[Round "11.99"]
[White "Vig, Sanjay"]
[Black "Shearsby, Jude"]
[Result "1-0"]
[WhiteElo "1615"]
[BlackElo "1435"]
[PlyCount "111"]
[EventDate "2018.05.07"]

1. e4 Nc6 2. Bc4 Nf6 3. Nc3 d6 4. d3 Bg4 5. f3 Bh5 6. Nge2 e6 7. Nf4 Bg6 8. h4
h5 9. Nxg6 fxg6 10. Bg5 Qd7 11. a4 O-O-O 12. Bb5 d5 13. Bxc6 Qxc6 14. e5 Be7
15. exf6 gxf6 16. Be3 d4 17. Nb5 Bc5 18. Bd2 a6 19. Na3 Qxa4 20. Nc4 Qc6 21. b4
Bd6 22. Qe2 Bg3+ 23. Kd1 e5 24. Qe4 Qxe4 25. fxe4 Bf2 26. Ke2 Bg3 27. Kf3 Bf4
28. Bxf4 exf4 29. Kxf4 Kd7 30. Ra5 Ke6 31. b5 g5+ 32. Kf3 axb5 33. Rxb5 b6 34.
hxg5 fxg5 35. Rxg5 Rdf8+ 36. Kg3 Rfg8 37. Rhxh5 Rxh5 38. Rxg8 b5 39. Nd2 b4 40.
Nf3 c5 41. Kf4 c4 42. Nxd4+ Kd6 43. Rg6+ Kd7 44. dxc4 Rh4+ 45. Ke5 Rh5+ 46. Nf5
b3 47. cxb3 Kc7 48. Kd5 Kb7 49. Kc5 Ka7 50. Kb5 Rxf5+ 51. exf5 Kb8 52. Rg7 Kc8
53. f6 Kd8 54. Re7 Kc8 55. Kb6 Kd8 56. Kc6 1-0

[Event "4NCL Division 4 South"]
[Site "Reading, ENG"]
[Date "2018.05.07"]
[Round "11.99"]
[White "Gold, Harry"]
[Black "Sloan, Cecil"]
[Result "0-1"]
[WhiteElo "1275"]
[BlackElo "1605"]
[PlyCount "62"]
[EventDate "2018.05.07"]

1. d4 Nf6 2. Nc3 d5 3. h3 Bf5 4. e3 e6 5. Bd2 c5 6. Bd3 Bxd3 7. cxd3 cxd4 8.
exd4 Nc6 9. Nf3 Bd6 10. O-O O-O 11. Re1 Nb4 12. Bg5 h6 13. Be3 Qa5 14. a3 Nc6
15. b4 Qd8 16. Nb5 a6 17. Nxd6 Qxd6 18. Ne5 Ne7 19. g3 Nd7 20. Bf4 Nxe5 21.
dxe5 Qd7 22. d4 Rac8 23. Be3 Rc4 24. Qg4 Nf5 25. Qd1 Rfc8 26. Rc1 Nxe3 27. fxe3
Rxc1 28. Qxc1 Rxc1 29. Rxc1 Qa4 30. Rc7 b5 31. Rc3 Qd1+ 0-1

[Event "4NCL Division 4 South"]
[Site "Reading, ENG"]
[Date "2018.05.07"]
[Round "11.99"]
[White "Angelopoulos, Nicos"]
[Black "Ogunshola, Ben"]
[Result "0-1"]
[WhiteElo "1478"]
[BlackElo "2134"]
[PlyCount "86"]
[EventDate "2018.05.07"]

1. e4 g6 2. Nf3 Bg7 3. Nc3 c5 4. Bc4 Nc6 5. O-O d6 6. d3 Nf6 7. a3 O-O 8. Re1
Bg4 9. h3 Bxf3 10. Qxf3 Nd7 11. Qd1 e6 12. Ne2 Rb8 13. c3 b5 14. Ba2 a5 15. d4
Qc7 16. Be3 Rfe8 17. Bb1 a4 18. h4 Na5 19. Nc1 Nc4 20. Qe2 e5 21. d5 Rf8 22.
Bd3 Nxe3 23. Qxe3 c4 24. Be2 Nc5 25. Na2 Qe7 26. g3 f5 27. Bf3 Nd3 28. Re2 f4
29. Qd2 fxg3 30. Kg2 gxf2 31. Rxf2 Qxh4 32. Rh1 Qxf2+ 33. Qxf2 Nxf2 34. Kxf2
Rf4 35. Kg2 Rbf8 36. Rf1 g5 37. Nc1 g4 38. Be2 h5 39. Rxf4 exf4 40. Bd1 Be5 41.
b3 axb3 42. Nxb3 cxb3 43. Bxb3 f3+ 0-1

[Event "4NCL Division 4 South"]
[Site "Reading, ENG"]
[Date "2018.05.07"]
[Round "11.99"]
[White "Green, George D A"]
[Black "Sezer, Steve"]
[Result "1-0"]
[WhiteElo "1870"]
[BlackElo "1510"]
[PlyCount "61"]
[EventDate "2018.05.07"]

1. Nf3 c5 2. c4 g6 3. Nc3 Bg7 4. g3 d6 5. d4 b6 6. Bg2 Nd7 7. Ne5 cxd4 8. Nc6
Qc7 9. Nb5 Qb7 10. O-O d5 11. Ncxd4 Qb8 12. Nc6 Qb7 13. Bxd5 Ngf6 14. Bg2 a6
15. Nxe7 Qb8 16. Nc6 Qb7 17. Nd6+ Kf8 18. Nxb7 Bxb7 19. Qd6+ Kg8 20. Ne7+ Kf8
21. Bxb7 Re8 22. Nxg6+ Kg8 23. Nxh8 Kxh8 24. e4 Nc5 25. Qxb6 Rb8 26. Qxc5 Rxb7
27. Qc8+ Bf8 28. Qxf8+ Ng8 29. Bg5 f6 30. Bxf6+ Rg7 31. Qxg7# 1-0

[Event "4NCL Division 4 South"]
[Site "Reading, ENG"]
[Date "2018.05.07"]
[Round "11.99"]
[White "Karas, Eugenia"]
[Black "Olufemi, George"]
[Result "0-1"]
[WhiteElo "1457"]
[BlackElo "1824"]
[PlyCount "118"]
[EventDate "2018.05.07"]

1. e4 g6 2. d4 Bg7 3. Nf3 c5 4. Bc4 cxd4 5. Nxd4 Qa5+ 6. c3 Nf6 7. Nd2 O-O 8.
O-O a6 9. Re1 d6 10. Qb3 Nbd7 11. N2f3 e5 12. Nc2 Nc5 13. Qa3 Qxa3 14. Nxa3
Ncxe4 15. Rd1 b5 16. Bd5 Nxd5 17. Rxd5 Bb7 18. Rd1 d5 19. Nc2 Rfd8 20. Be3 f6
21. Rd3 Nd6 22. Nb4 e4 23. Bb6 Rd7 24. Rdd1 exf3 25. gxf3 Nc4 26. Bd4 Nxb2 27.
Re1 a5 28. Nc2 Nd3 29. Re6 Kf7 30. Rb6 Ra6 31. Rxb5 Ne5 32. Kg2 Bc6 33. Rbb1
Ba4 34. Ne3 Nc6 35. Bc5 f5 36. Rc1 d4 37. cxd4 Nxd4 38. Bxd4 Bxd4 39. Rab1 Rb6
40. Rxb6 Bxb6 41. Nc4 Bc7 42. Na3 Bd1 43. Nb1 Ba4 44. Nc3 Bc6 45. Ne2 Bb7 46.
Ng1 Bd5 47. Rc2 g5 48. Ne2 Kf6 49. Nc3 Bb7 50. Nb5 Bf4 51. Rc4 Rd3 52. Nd4 Bd5
53. Ra4 Ke5 54. Nc6+ Bxc6 55. Rxa5+ Kd4 56. Rd5+ Bxd5 57. h4 Bxf3+ 58. Kh3 Rd1
59. a4 Rh1# 0-1

[Event "4NCL Division 4 South"]
[Site "Reading, ENG"]
[Date "2018.05.07"]
[Round "11.99"]
[White "Fernando, Manel"]
[Black "Barnett-Harris, Lucas"]
[Result "1-0"]
[WhiteElo "1534"]
[BlackElo "1405"]
[PlyCount "159"]
[EventDate "2018.05.07"]

1. d4 d5 2. Bf4 Bf5 3. Nf3 Nc6 4. c3 e6 5. e3 a6 6. Nbd2 Bd6 7. Bg3 Nf6 8. Ne5
Ne7 9. Be2 Nd7 10. O-O Nxe5 11. dxe5 Bc5 12. Nf3 Bg6 13. Bd3 Nf5 14. Bf4 c6 15.
Qe2 Bb6 16. Rad1 Bc7 17. Nd4 Ne7 18. e4 Qb8 19. exd5 cxd5 20. Bxg6 Nxg6 21. Bg3
Bxe5 22. Bxe5 Qxe5 23. Qc2 O-O 24. Rfe1 Qc7 25. Re3 Rac8 26. Rh3 Qd6 27. Nf3 b5
28. Ng5 h6 29. Nf3 b4 30. Nd4 Rc7 31. Re1 Rfc8 32. Nxe6 fxe6 33. Qxg6 bxc3 34.
bxc3 Rxc3 35. Rxh6 Rc1 36. Qxe6+ Qxe6 37. Rhxe6 R8c6 38. Kf1 Rxe6 39. Rxc1 Kf7
40. Rd1 Rd6 41. f3 Ke6 42. Ke2 Rb6 43. Rd2 Rb1 44. g3 Rh1 45. Kd3 Kd6 46. f4
Kc5 47. Rb2 a5 48. Ke3 Kd6 49. Kf3 Kc5 50. h4 Re1 51. a4 Kc4 52. Rb5 d4 53. Kf2
Re7 54. Rxa5 d3 55. Re5 Rxe5 56. fxe5 Kc3 57. e6 d2 58. e7 d1=Q 59. e8=Q Qc2+
60. Qe2 Qxa4 61. Qe5+ Qd4+ 62. Qxd4+ Kxd4 63. Kf3 Ke5 64. Kg4 Kf6 65. Kh5 g6+
66. Kh6 Kf5 67. h5 gxh5 68. Kxh5 Kf6 69. g4 Kg7 70. Kg5 Kf7 71. Kh6 Kf6 72. g5+
Kf7 73. Kh7 Kf8 74. g6 Ke8 75. g7 Ke7 76. g8=Q Kf6 77. Qd5 Ke7 78. Kg6 Ke8 79.
Kf6 Kf8 80. Qf7# 1-0

[Event "4NCL Division 4 South"]
[Site "Reading, ENG"]
[Date "2018.05.07"]
[Round "11.99"]
[White "Willmoth, Kate"]
[Black "Sloan, Hamish"]
[Result "0-1"]
[WhiteElo "1373"]
[BlackElo "1525"]
[PlyCount "82"]
[EventDate "2018.05.07"]

1. e4 c5 2. Nf3 d6 3. d4 cxd4 4. Nxd4 Nf6 5. Nc3 e6 6. Bg5 Be7 7. Bd3 Qb6 8.
Nb3 Nc6 9. O-O Ne5 10. Re1 Nxd3 11. Qxd3 Bd7 12. Rad1 Rd8 13. Qe3 Qxe3 14. Rxe3
Bc6 15. Rde1 Nd7 16. Bxe7 Kxe7 17. Nd4 Ne5 18. Rg3 g6 19. Ndb5 a6 20. Nd4 Kf6
21. Nxc6 bxc6 22. f4 Nc4 23. b3 Nb6 24. Rd3 d5 25. exd5 cxd5 26. Red1 Rd7 27.
Ne4+ Ke7 28. Nc5 Rc7 29. Nxa6 Rxc2 30. R1d2 Rhc8 31. a4 R2c3 32. a5 Nd7 33. b4
Rxd3 34. Rxd3 Rc1+ 35. Kf2 Rc4 36. g3 Kd8 37. Rb3 Kc8 38. Ke2 Kb7 39. Nc5+ Nxc5
40. bxc5+ Ka6 41. Rb8 Rxc5 0-1

[Event "4NCL Division 4 South"]
[Site "Reading, ENG"]
[Date "2018.05.07"]
[Round "11.99"]
[White "Faizi, Tariq"]
[Black "Savas, Stoica M"]
[Result "0-1"]
[WhiteElo "1465"]
[BlackElo "1330"]
[PlyCount "82"]
[EventDate "2018.05.07"]

1. e4 c5 2. Nf3 d6 3. d4 cxd4 4. Nxd4 Nf6 5. Nc3 g6 6. Bc4 Bg7 7. O-O O-O 8.
Bg5 Nxe4 9. Be3 Nxc3 10. bxc3 Nc6 11. Qd2 Bd7 12. Bh6 Rc8 13. Bb3 Ne5 14. Bxg7
Kxg7 15. f4 Nc4 16. Qd3 Qc7 17. Ne2 Qc5+ 18. Kh1 Bf5 19. Qg3 Nd2 20. h4 Nxf1
21. Rxf1 h5 22. Rd1 Bg4 23. Rd5 Qc7 24. f5 Bxe2 25. fxg6 Qxc3 26. Qg5 f6 27.
Qf4 Qe1+ 28. Kh2 b5 29. Qe4 Rfe8 30. a4 bxa4 31. Bxa4 Rc4 32. Rd4 Rxd4 33. Qxd4
Qd1 34. Qxd1 Bxd1 35. Bxe8 Bxc2 36. Bf7 Bxg6 37. Bxg6 Kxg6 38. g3 Kf5 39. Kg2
Ke4 40. Kf2 Kd3 41. Kf3 a5 0-1

[Event "4NCL Division 4 South"]
[Site "Reading, ENG"]
[Date "2018.05.07"]
[Round "11.99"]
[White "Bennet-Stevens, Lucy"]
[Black "Wolstenholme, Otis"]
[Result "1-0"]
[WhiteElo "1930"]
[BlackElo "1277"]
[PlyCount "58"]
[EventDate "2018.05.07"]

1. e4 e6 2. d4 d5 3. e5 c5 4. c3 Qb6 5. a3 Nc6 6. Nf3 Nh6 7. Bd3 cxd4 8. cxd4
Bd7 9. Bc2 Nf5 10. Bxf5 exf5 11. Nc3 Be6 12. b4 Be7 13. Qd3 a6 14. O-O O-O 15.
Ne2 Rfc8 16. Ng3 f6 17. Be3 g6 18. Rfe1 Nd8 19. h4 Kg7 20. Bd2 Nf7 21. Qe3 Rc4
22. exf6+ Kxf6 23. Ne2 Bd7 24. Nf4 Qd6 25. Qxe7+ Qxe7 26. Nxd5+ Kg7 27. Rxe7
Rd8 28. Nb6 Rc7 29. Ne5 Rc2 1-0

[Event "4NCL Division 4 South"]
[Site "Reading, ENG"]
[Date "2018.05.07"]
[Round "11.99"]
[White "Carter, Gavin"]
[Black "Finn, Thomas"]
[Result "1/2-1/2"]
[WhiteElo "1270"]
[BlackElo "1930"]
[PlyCount "86"]
[EventDate "2018.05.07"]

1. c4 c5 2. g3 g6 3. Bg2 Bg7 4. Nf3 Nc6 5. Nc3 e6 6. O-O Nge7 7. e3 O-O 8. b3
d5 9. Rb1 d4 10. Ne4 Qa5 11. a4 e5 12. d3 Rd8 13. Bd2 Qc7 14. Nxc5 b6 15. Ne4
f5 16. Neg5 dxe3 17. Bxe3 f4 18. Bc1 Bf5 19. Ne1 Rab8 20. Be4 Bxe4 21. Nxe4 Rd7
22. Ba3 Rbd8 23. Rb2 Nf5 24. Rd2 Ncd4 25. Qb1 Qc6 26. f3 fxg3 27. hxg3 Bh6 28.
Rh2 Be3+ 29. Kg2 Ne2 30. Rh3 h5 31. Bb2 Qe6 32. Qc2 Ned4 33. Bxd4 Bxd4 34. Kh2
Ne3 35. Qe2 Nxf1+ 36. Qxf1 Be3 37. Qe2 Bh6 38. Qc2 Rd4 39. Qe2 Qe7 40. Kh1 Kg7
41. Rh2 Qf7 42. Kg2 a6 43. Rh1 Qe7 1/2-1/2

[Event "4NCL Division 4 South"]
[Site "Reading, ENG"]
[Date "2018.05.07"]
[Round "11.99"]
[White "Neale, George"]
[Black "Carter, Rebecca"]
[Result "1-0"]
[WhiteElo "1810"]
[BlackElo "1187"]
[PlyCount "83"]
[EventDate "2018.05.07"]

1. d4 Nf6 2. Nf3 e6 3. c4 b6 4. Nc3 Bb4 5. Bg5 Bb7 6. Qb3 Bxc3+ 7. Qxc3 O-O 8.
e3 d5 9. c5 bxc5 10. Qxc5 Nbd7 11. Qc2 c6 12. a3 Qb6 13. Bd3 Ba6 14. O-O Bxd3
15. Qxd3 Qxb2 16. Rfb1 Qxa1 17. Rxa1 Rab8 18. g3 Ne4 19. Bf4 Rb6 20. Rb1 c5 21.
Rxb6 axb6 22. Qb5 Ndf6 23. h3 c4 24. Qxb6 c3 25. Qb3 h6 26. a4 Rc8 27. Qc2 Nd7
28. Ne1 g5 29. f3 gxf4 30. fxe4 fxe3 31. e5 Nb8 32. Kg2 Na6 33. Nd3 e2 34. Kf2
Kg7 35. Kxe2 f6 36. exf6+ Kxf6 37. Ne5 Rc7 38. Qg6+ Ke7 39. Qf7+ Kd6 40. Qf8+
Re7 41. Qd8+ Rd7 42. Qxd7# 1-0

[Event "4NCL Division 4 South"]
[Site "Reading, ENG"]
[Date "2018.05.07"]
[Round "11.99"]
[White "Wolstenholme, Scarlet"]
[Black "Bennett, Max"]
[Result "0-1"]
[WhiteElo "1255"]
[BlackElo "1780"]
[PlyCount "56"]
[EventDate "2018.05.07"]

1. d4 Nf6 2. c4 e6 3. Nf3 b6 4. g3 Ba6 5. b3 Bb4+ 6. Bd2 Be7 7. Bg2 d5 8. Ne5
c6 9. O-O Nfd7 10. Nxd7 Nxd7 11. Nc3 Rc8 12. Qc2 dxc4 13. Rfe1 Nf6 14. e3 Nd5
15. Rec1 Ba3 16. Re1 Nb4 17. Qe4 Nd3 18. Red1 Qf6 19. Bf3 O-O 20. Ne2 Bb2 21.
Rab1 e5 22. dxe5 Nxe5 23. Kg2 cxb3 24. axb3 Bd3 25. Qa4 Qxf3+ 26. Kg1 Be4 27.
Kf1 Ng4 28. Kg1 Qxf2# 0-1

[Event "4NCL Division 4 South"]
[Site "Reading, ENG"]
[Date "2018.05.07"]
[Round "11.99"]
[White "Finn, Daniel"]
[Black "Sheng, Benjamin"]
[Result "1-0"]
[WhiteElo "1596"]
[BlackElo "1112"]
[PlyCount "93"]
[EventDate "2018.05.07"]

1. d4 Nf6 2. Nf3 g6 3. c4 e5 4. Nxe5 Qe7 5. e3 Nc6 6. Nxc6 bxc6 7. c5 d6 8.
cxd6 Qxd6 9. Be2 Qb4+ 10. Nd2 Ne4 11. O-O Nxd2 12. Qxd2 Qxd2 13. Bxd2 Bg7 14.
Rac1 Bd7 15. b3 O-O 16. Bf3 a5 17. Bxc6 Bxc6 18. Rxc6 Ra7 19. Rfc1 Rc8 20. h3
Bf8 21. R1c4 Bd6 22. Rxd6 cxd6 23. Rxc8+ Kg7 24. g3 a4 25. b4 h5 26. a3 f5 27.
Rb8 g5 28. b5 g4 29. h4 Kf7 30. b6 Rd7 31. b7 d5 32. Rh8 Rxb7 33. Rh7+ Ke6 34.
Rxb7 Kf6 35. Rb4 Ke6 36. Rxa4 Kd6 37. Rb4 Kc7 38. a4 Kd6 39. a5 f4 40. Rb6+ Kc7
41. exf4 Kd7 42. a6 Kc7 43. Ba5 Kd7 44. a7 Ke7 45. a8=Q Kf7 46. Qa7+ Ke8 47.
Rb8# 1-0

[Event "4NCL Division 4 South"]
[Site "Reading, ENG"]
[Date "2018.05.07"]
[Round "11.99"]
[White "Vaidya, Pranav"]
[Black "Woods, Timothy J"]
[Result "0-1"]
[WhiteElo "820"]
[BlackElo "1625"]
[PlyCount "34"]
[EventDate "2018.05.07"]

1. e4 d6 2. Nc3 g6 3. f4 Nf6 4. Bc4 Bg7 5. Nf3 O-O 6. Bb3 c5 7. d4 cxd4 8. Nxd4
Nc6 9. Be3 Qa5 10. O-O Ng4 11. Nxc6 bxc6 12. Bd4 Bxd4+ 13. Qxd4 Rb8 14. Qd3
Qc5+ 15. Kh1 Nf2+ 16. Rxf2 Qxf2 17. Nd1 Qe1+ 0-1

[Event "4NCL Division 4 South"]
[Site "Reading, ENG"]
[Date "2018.05.07"]
[Round "11.99"]
[White "Girdlestone, Paul C"]
[Black "Jamroz, Krzysztof"]
[Result "0-1"]
[WhiteElo "2031"]
[BlackElo "2000"]
[PlyCount "42"]
[EventDate "2018.05.07"]

1. e4 c5 2. b3 g6 3. Bb2 Nf6 4. Nc3 Bg7 5. e5 Nh5 6. g4 Nf4 7. Nge2 Nxe2 8.
Qxe2 Nc6 9. O-O-O Bxe5 10. f4 Bd4 11. Bg2 d6 12. h4 Be6 13. Rdf1 Qd7 14. Bh3 f5
15. gxf5 Bxf5 16. Bg2 O-O-O 17. Ba3 e6 18. Ne4 Bg7 19. c3 Qc7 20. Bh3 Qa5 21.
Bb2 Qxa2 0-1

[Event "4NCL Division 4 South"]
[Site "Reading, ENG"]
[Date "2018.05.07"]
[Round "11.99"]
[White "Jamroz, Viktor"]
[Black "Parker, Francis"]
[Result "0-1"]
[WhiteElo "1757"]
[BlackElo "1925"]
[PlyCount "58"]
[EventDate "2018.05.07"]

1. e4 e5 2. Nf3 Nc6 3. Bb5 f5 4. O-O d6 5. d4 fxe4 6. Nfd2 Bd7 7. d5 Nd4 8.
Bxd7+ Qxd7 9. Nxe4 Qf5 10. Re1 Nf6 11. Nxf6+ gxf6 12. Qxd4 Rg8 13. Qe4 Qh5 14.
Kh1 Be7 15. Qe2 Qh4 16. g3 Qh3 17. Nc3 f5 18. Nb5 Kf7 19. Nxc7 Rac8 20. Ne6
Rce8 21. a4 Rg4 22. Qf1 Qh5 23. b3 Reg8 24. Qe2 Qh3 25. c4 Rh4 26. f3 Qxg3 27.
Bd2 Rxh2+ 28. Qxh2 Qxf3+ 29. Qg2 Qxg2# 0-1